The way to Christ discovered : and described in the following treatises. 1. Of true repentance. ... 4. Of the supersensual life. By Jacob Behmen. To which are added some other pieces relative to the same subjects; as also a treatise on the four complexions. Written by the same author.

Bibliographic Details
Main Author: Böhme, Jakob, 1575-1624
Format: eBook
Language:English
Series:Eighteenth century collections online.
Online Access:Full text online

MARC

Tag First Indicator Second Indicator Subfields
LEADER 00000cam a2200000 4500
001 in00001978751
006 m | d |
007 cr |n||||||||n
008 810210s1775 enk|||| s 00||||eng d
005 20260407221100.7
035 |a (CStRLIN)ESTCT114548 
040 |a Uk-ES  |c Uk-ES  |d Cu-RivES  |d CStRLIN  |d Thomson Gale  |d UtOrBLW 
100 1 |a Böhme, Jakob,  |d 1575-1624. 
240 1 0 |a Weg zu Christo.  |l English 
245 1 4 |a The way to Christ discovered :  |b and described in the following treatises. 1. Of true repentance. ... 4. Of the supersensual life. By Jacob Behmen. To which are added some other pieces relative to the same subjects; as also a treatise on the four complexions. Written by the same author. 
264 3 |a Bath :  |b printed by S. Hazard, for T. Mills, Bristol,  |c 1775. 
300 |a xvii, 3 unnumbered pages, 433, 1 unnumbered page ;  |c 12⁰. 
336 |a text  |b txt  |2 rdacontent 
337 |a computer  |b c  |2 rdamedia 
338 |a online resource  |b cr  |2 rdacarrier 
500 |a The translations are those published in 1648, with alterations and with the marginal explanations incorporated in the text. 
500 |a In this edition page 395 bears the drop-head title: 'A brief explanation of some Latin and other words used by this author ..'. 
500 |a Reproduction of original from the British Library. 
510 4 |a English Short Title Catalog,  |c ESTCT114548. 
533 |a Electronic reproduction.  |b Farmington Hills, Mich. :  |c Thomson Gale,  |d 2003.  |n Available via the World Wide Web.  |n Access limited by licensing agreements  |7 s2003 miunns 
500 |a Electronic resource. 
830 0 |a Eighteenth century collections online. 
856 4 0 |u http://proxy.library.tamu.edu/login?url=https://galenet.galegroup.com/servlet/ECCO?c=1&stp=Author&ste=11&af=BN&ae=T114548&tiPG=1&dd=0&dc=flc&docNum=CW122615590&vrsn=1.0&srchtp=a&d4=0.33&n=10&SU=0LRF&locID=txshracd2898  |z Full text online  |t 0 
999 |a MARS 
999 f f |s ffbe4d12-08e6-36fb-9e3f-67adc510f71a  |i 63dc993c-7d6b-3037-8d5e-1438b9650dbd  |t 0 
952 f f |a Texas A&M University  |b College Station  |c Electronic Resources  |s www_evans  |d Available Online  |t 0  |h No information provided 
998 f f |t 0  |l Available Online